Score 0/6 Timer 10:00
0 Plays Today
Season Hissatsu % Correct
Season 1-AresTwin Boost
87.5%
Season 1-AresEmperor Penguin No. 2
75%
Season 2Emperor Penguin No. 1
75%
Season 3Emperor Penguin No. 3
75%
MovieDeep Jungle
37.5%
Season 1Death Zone
0%

You're not logged in!

Compare scores with friends on all Sporcle quizzes.
OR
Log In

Sporcle TV

Today on Sporcle TV


Watch our educational content, quiz creation guides, and fun videos on Sporcle TV.

Show Comments

Extras

Created Sep 11, 2019ReportNominate
Tags:david, eleven, season, Technique

Top Quizzes Today


Score Distribution

Paid Content

Your Account Isn't Verified!

In order to create a playlist on Sporcle, you need to verify the email address you used during registration. Go to your Sporcle Settings to finish the process.

Report this User

Report this user for behavior that violates our Community Guidelines.

Details: